000 00652nam a22002177a 4500
999 _c17564
_d17564
003 AR-CdUCM
008 190509b ||||| |||| 00| 0 spa d
040 _aMUNICIPALIDAD PROVINCIAL DEL CUSCO
_cBIBLIOTECA MUNICIPAL DEL CUSCO
082 _a985.009 /
_bC813
245 _aMariano H. Cornejo /
260 _aPerú :
_c1966.
300 _a103 páginas ;
_c20 cm.
440 _aCuarte serie
_937650
505 _aContenido: Escritores peruanos.
650 _aEscritores peruanos
_9979
650 _aLiteratura peruana
_9169
650 _aPolítica
_9291
700 _aParodi Marone, Ezio
_916858
942 _2ddc
_cLIBROS
945 _adavv
_d2019-05-09